| 000 | 00629nam a2200205 a 4500 | ||
|---|---|---|---|
| 005 | 20220604063752.0 | ||
| 008 | 030331s2001 mx r 000 0 spa d | ||
| 020 | _a8425421926 | ||
| 035 | _aUPN01000123483 | ||
| 049 | _aCG | ||
| 050 | 4 |
_aB840 _bQ5.68 |
|
| 100 | 1 |
_aQuine, Willard van Orman, _d1908-2000 _929444 |
|
| 245 | 1 | 0 |
_aPalabra y objeto / _cWillard van Orman Quine ; tr. de Manuel Sacristán. |
| 260 |
_aBarcelona, Esp. : _bHerder, _cc2001. |
||
| 300 | _a367 p. | ||
| 650 | 4 |
_aSEMANTICA (FILOSOFIA) _911673 |
|
| 650 | 4 |
_aLógica simbólica y matemática _93581 |
|
| 650 | 4 |
_aLENGUAS - _xFILOSOFIA _93839 |
|
| 905 | _aLibro | ||
| 999 |
_c95663 _d95663 |
||